000 00344nas a2200157 a 4500
001 68867
003 142652
005 20201118110557.0
008 ||||||n9999 ||| || ||
041 _aeng
245 0 _aTime - Vol.154 No.9
260 _aEstados Unidos :
_bTime,
_c1999.
562 _e1
773 _021966
_aTime
942 _cSISS
999 _c68867
_d68867